| 000 | 01081cam a22003014a 4500 | ||
|---|---|---|---|
| 001 | 11848437 | ||
| 003 | NUST-PNEC | ||
| 005 | 20170116180738.0 | ||
| 008 | 991123s2000 txua 001 0 eng | ||
| 010 | _a 99059496 | ||
| 020 | _a1556227140 | ||
| 020 | _a817656236X | ||
| 040 |
_aDLC _cPNEC _dDLC |
||
| 042 | _apcc | ||
| 050 | 0 | 0 |
_aQA76.9.C55 _bD67 2000 |
| 082 | 0 | 0 |
_a005.44769 DOS _221 |
| 100 | 1 | _aDoss, George M. | |
| 245 | 1 | 0 |
_aLearn Red Hat Linux server tips / _cGeorge M. Doss. |
| 260 |
_aPlano, TX / New Delhi : _bWordware Pub/ BPB Publications, _cc2000. |
||
| 300 |
_axxxvi, 400 p. : _bill. ; _c24 cm. |
||
| 500 | _aIncludes Index | ||
| 630 | 0 | 0 | _aLinux. |
| 650 | 0 |
_aClient/server computing. _xComputer, MIS |
|
| 856 | _uhttps://www.worldcat.org/title/learn-red-hat-linux-server-tips/oclc/42921397&referer=brief_results | ||
| 906 |
_a7 _bcbc _corignew _d1 _eocip _f19 _gy-gencatlg |
||
| 942 |
_2ddc _cBK |
||
| 999 |
_c62062 _d62062 |
||